| 000 | 01159nam0a2200349 i 4500 | ||
|---|---|---|---|
| 001 | RU\NLR\BIBL_A\011097731 | ||
| 005 | 20260601075121.0 | ||
| 010 |
_a9785957328384 _91000 |
||
| 021 |
_aRU _b2016-21971 _91386 |
||
| 035 | _a(NILC)RuMoRGB-008251119 | ||
| 035 | _a(NLR Aleph) 011097731 | ||
| 090 |
_a11402048 _c11402048 |
||
| 100 | _a20160406d2016 u y0rusy50 ca | ||
| 101 | 1 |
_arus _ceng |
|
| 102 | _aRU | ||
| 105 | _aa|||z|||000yy | ||
| 200 | 1 |
_aКнига тайн _eнаука о медитации _fОшо _g[пер. с англ. И. А. Потаповой, Т. В. Лебедевой] |
|
| 210 |
_aСанкт-Петербург _cВесь _d2016 |
||
| 215 |
_a1177 с. _cил. _d26 |
||
| 225 | 1 | _aПуть мистика | |
| 333 | _a16+ | ||
| 606 |
_aМедитация _91261607 _3RU\NLR\AUTH\66200516 |
||
| 606 | 1 |
_aНеоиндуизм _92352662 _3RU\NLR\AUTH\661405460 |
|
| 686 | 1 | _aЮ969.1 | |
| 686 | 2 | _aЭ331.81 | |
| 700 | 0 |
_7ca _8rus _aОшо _f1931-1990 _9111642 _3RU\NLR\AUTH\771622 |
|
| 801 | 0 |
_aRU _bРГБ _c20160321 _gRCR |
|
| 942 | _cBOOK | ||
| 980 | _aNBR | ||